Normal view
MARC view
Entry Personal Name
001 - CONTROL NUMBER
- control field: 60214
003 - CONTROL NUMBER IDENTIFIER
- control field: OSt
005 - DATE AND TIME OF LATEST TRANSACTION
- control field: 20260424123808.0
008 - FIXED-LENGTH DATA ELEMENTS
- fixed length control field: 260424|| aca||aabn | a|a d
040 ## - CATALOGING SOURCE
- Original cataloging agency: OSt
- Transcribing agency: OSt
100 ## - HEADING--PERSONAL NAME
- Personal name: Das, Malya
670 ## - SOURCE DATA FOUND
- Source citation: Work cat.: (OSt)533088: Das, Malya , An investigation into the inter-district disparity in INDIA using household consumption expenditure data
